UBT Library

Russia : (Record no. 47374)

000 -LEADER
fixed length control field 00682cam a2200241 a 4500
001 - CONTROL NUMBER
control field 1509821
005 - DATE AND TIME OF LATEST TRANSACTION
control field 20180828050456.0
008 - FIXED-LENGTH DATA ELEMENTS--GENERAL INFORMATION
fixed length control field 890605s1990 njua b 001 0 eng
010 ## - LIBRARY OF CONGRESS CONTROL NUMBER
LC control number 89035144
020 ## - INTERNATIONAL STANDARD BOOK NUMBER
International Standard Book Number 0137845057
040 ## - CATALOGING SOURCE
Original cataloging agency DLC
Transcribing agency DLC
Modifying agency DLC
041 ## - LANGUAGE CODE
Language code of text/sound track or separate title eng
043 ## - GEOGRAPHIC AREA CODE
Geographic area code e-ur---
080 ## - UNIVERSAL DECIMAL CLASSIFICATION NUMBER
Universal Decimal Classification number 947.084
082 00 - DEWEY DECIMAL CLASSIFICATION NUMBER
Classification number 947.084
Edition number 20
100 1# - Rafti
Rafti 16
101 ## - Shkurtesa
Shkurtesa HIS
245 10 - TITLE STATEMENT
Title Russia :
Statement of responsibility, etc Woodford McClellan.
504 ## - BIBLIOGRAPHY, ETC. NOTE
Bibliography, etc Includes bibliographical references.
906 ## - LOCAL DATA ELEMENT F, LDF (RLIN)
a 7
b cbc
c orignew
d 1
e ocip
f 19
g y-gencatlg
942 ## - ADDED ENTRY ELEMENTS (KOHA)
Source of classification or shelving scheme
Item type Books
Holdings
Withdrawn status Lost status Source of classification or shelving scheme Damaged status Not for loan Collection code Permanent location Current location Shelving location Date acquired Total Checkouts Full call number Barcode Date last seen Price effective from Koha item type
          Koleksioni i përgjithshem UBT - Lipjan UBT - Lipjan Koleksioni i përgjithshem 08/28/2018   947.084 MCC 002-3011981 08/28/2018 08/28/2018 Books
UBT Library © 2015-2024. All rights reserved University Education for Business and Technology